Statistics for Car Logos Quiz #2

Click here to take the quiz!

General Stats

  • This quiz has been taken 27,103 times
  • The average score is 14 of 20

Answer Stats

Answer % Correct
BMW
98%
Toyota
97%
Mercedes
96%
Jaguar
96%
Nissan
87%
Tesla
85%
Bentley
82%
Subaru
82%
Suzuki
80%
Lamborghini
73%
Mini
69%
Skoda
67%
Citro├źn
67%
Volvo
66%
Maserati
61%
Mustang
57%
Opel
55%
Acura
45%
Lincoln
40%
Scion
29%

Score Distribution

Percentile by Number Answered

Percent of People with Each Score

Your Score History

You have not taken this quiz